Suvarna kathakal (Record no. 12435)

MARC details
000 -LEADER
fixed length control field 00313nam a2200145Ia 4500
003 - CONTROL NUMBER IDENTIFIER
control field OSt
020 ## - INTERNATIONAL STANDARD BOOK NUMBER
International Standard Book Number 9789380884189
082 ## - DEWEY DECIMAL CLASSIFICATION NUMBER
Classification number 813.2
Item number CHE/SU
100 ## - MAIN ENTRY--PERSONAL NAME
Personal name Chekhov, Anton
245 ## - TITLE STATEMENT
Title Suvarna kathakal
260 ## - PUBLICATION, DISTRIBUTION, ETC. (IMPRINT)
Place of publication, distribution, etc Ayyanthole
Name of publisher, distributor, etc Green Books
Date of publication, distribution, etc 2011
546 ## - LANGUAGE
Language note Malayalam
650 ## - SUBJECT ADDED ENTRY--TOPICAL TERM
Topical term or geographic name as entry element Novel
942 ## - ADDED ENTRY ELEMENTS (KOHA)
Source of classification or shelving scheme Dewey Decimal Classification
Koha item type Books (General)
Holdings
Lost status Source of classification or shelving scheme Damaged status Not for loan Home library Current library Shelving location Date acquired Total Checkouts Total Renewals Full call number Barcode Date last seen Date last borrowed Koha item type
  Dewey Decimal Classification     KAU Central Library, Thrissur KAU Central Library, Thrissur General 18/03/2014 9 2 813.2 CHE/SU 221544 18/02/2026 18/02/2026 Books (General)
Kerala Agricultural University Central Library
Thrissur-(Dt.), Kerala Pin:- 680656, India
Ph : (+91)(487) 2372219
E-mail: librarian@kau.in
Website: http://library.kau.in/